Schöpfungstheologie und Gravitationstheorien heute
| Main Author: | |
|---|---|
| Format: | Print Article |
| Language: | German |
| Check availability: | HBZ Gateway |
| Interlibrary Loan: | Interlibrary Loan for the Fachinformationsdienste (Specialized Information Services in Germany) |
| Published: |
1997
|
| In: |
Im Ringen um die Wahrheit
Year: 1997, Pages: 649-658 |
| Further subjects: | B
Creation
B Natural sciences |
MARC
| LEADER | 00000caa a22000002c 4500 | ||
|---|---|---|---|
| 001 | 1443666408 | ||
| 003 | DE-627 | ||
| 005 | 20220719101203.0 | ||
| 007 | tu | ||
| 008 | 121112s1997 xx ||||| 00| ||ger c | ||
| 020 | |a 3928273922 | ||
| 035 | |a (DE-627)1443666408 | ||
| 035 | |a (DE-576)373666403 | ||
| 035 | |a (DE-599)BSZ373666403 | ||
| 040 | |a DE-627 |b ger |c DE-627 |e rakwb | ||
| 041 | |a ger | ||
| 084 | |a 0 |2 ssgn | ||
| 100 | 1 | |a Schneider, Lothar |4 aut | |
| 245 | 1 | 0 | |a Schöpfungstheologie und Gravitationstheorien heute |c Lothar Schneider |
| 264 | 1 | |c 1997 | |
| 336 | |a Text |b txt |2 rdacontent | ||
| 337 | |a ohne Hilfsmittel zu benutzen |b n |2 rdamedia | ||
| 338 | |a Band |b nc |2 rdacarrier | ||
| 601 | |a Gravitationstheorie | ||
| 650 | 4 | |a Schöpfung | |
| 650 | 4 | |a Naturwissenschaften | |
| 773 | 0 | 8 | |i In |t Im Ringen um die Wahrheit |b 1. Aufl. |d Weilheim-Bierbronnen : Gustav-Siewerth-Akad., 1997 |g (1997), Seite 649-658 |h 1013, VI S. |w (DE-627)280293895 |w (DE-576)06164286X |z 3928273922 |7 nnam |
| 773 | 1 | 8 | |g year:1997 |g pages:649-658 |
| 951 | |a AR | ||
| ELC | |b 1 | ||
| ITA | |a 1 |t 1 | ||
| ORI | |a SA-MARC-ixtheo_oa001.raw | ||
| REL | |a 1 | ||
| STA | 0 | 0 | |a Creation,Creation,World,Natural sciences,Natural sciences,Natural science,Science in literature |
| STB | 0 | 0 | |a Création,Création (religion),Sciences de la nature,Sciences de la nature,Sciences,Sciences,Sciences (motif),Sciences |
| STC | 0 | 0 | |a Ciencias naturales,Ciencias naturales,Creación,Creación |
| STD | 0 | 0 | |a Creazione,Creazione,Scienze naturali,Scienze naturali |
| STE | 0 | 0 | |a 创造,创造,创世,创世,自然科学,自然科学 |
| STF | 0 | 0 | |a 創造,創造,創世,創世,自然科學,自然科學 |
| STG | 0 | 0 | |a Ciências naturais,Ciências naturais,Criação,Criação |
| STH | 0 | 0 | |a Естественные науки (мотив),Естественные науки,Сотворение мира (мотив),Сотворение мира |
| STI | 0 | 0 | |a Δημιουργία (μοτίβο),Δημιουργία,Φυσικές επιστήμες (μοτίβο),Φυσικές επιστήμες |
| SUB | |a REL | ||
| SYE | 0 | 0 | |a Weltschöpfung,Erschaffung , Naturforschung,Naturlehre,Naturwissenschaft,Naturforschung,Naturlehre,Naturwissenschaft |



